Click Eastern African Countries On A Map - Statistics

General Stats
  • This quiz has been taken 31 times
  • The average score is 18 of 20
Answers on the Map
Answers color-coded by a green-red scale on the quiz's map according to % correct below.
 
Answer Stats
Answer % Correct
Madagascar
100%
Mozambique
96%
Somalia
96%
Tanzania
96%
Burundi
91%
Comoros
91%
Djibouti
91%
Ethiopia
91%
Kenya
91%
Malawi
91%
South Sudan
91%
Uganda
91%
Eritrea
87%
Rwanda
87%
Zambia
87%
Zimbabwe
87%
Mauritius
78%
Mayotte (France)
78%
Seychelles
78%
Réunion (France)
65%
No matching quizzes found
Score Distribution
Percent of People with Each Score
Percentile by Number Answered
Your Score History
You have not taken this quiz